01184 2200253 4500001002100000005001500021035002000036007000300056008004100059020001800100082001300118084001900131100003300150245011300183250002000296300002500316650002000341520044300361264003600804336002100840337003000861338002300891990001600914INLIS00000000000075320260512100619 a0010-0526000209ta260512 e f ind  a9789791704151 a899.2213 a899.2213 MAH r0 aMahardhika ZifanaePengarang1 aRahasia kaum falasha ; perburuan filolog muslim indonesia di bawah bayang-bayang zionis /cMahardhika Zifana acetakan pertama a424 halaman ;c20 cm 4aFiksi Indonesia aNovel ini mengisahkan petualangan seorang filolog Muslim Indonesia yang terlibat dalam pencarian dan pengungkapan rahasia kaum Falasha di tengah bayang-bayang konspirasi Zionis. Cerita dipenuhi misteri, konflik, dan perjalanan intelektual yang membawa tokoh utama menghadapi berbagai ancaman dan teka-teki sejarah. Dengan perpaduan unsur sejarah, politik, dan petualangan, buku ini menghadirkan kisah yang menegangkan sekaligus reflektif. aBandung :bMizan Pustaka,c2009 2rdacontentateks 2rdamediaatanpa perantara 2rdacarrieravolume aPP001449/19